Catálogo

Criminología / (Registro nro. 67703)

Detalles MARC
000 -LEADER
fixed length control field 00903ctm a2200265 i 4500
001 - CONTROL NUMBER
control field 67703
003 - CONTROL NUMBER IDENTIFIER
control field Mx-PuUPA
005 - DATE AND TIME OF LATEST TRANSACTION
control field 20210506122350.0
008 - FIXED-LENGTH DATA ELEMENTS--GENERAL INFORMATION
fixed length control field 140415s2015 mx r 000 0 spa d
020 ## - INTERNATIONAL STANDARD BOOK NUMBER
International Standard Book Number 9786070918643
040 ## - CATALOGING SOURCE
Original cataloging agency MX-PuUPA
Language of cataloging spa
Description conventions rda
Transcribing agency Mx-PuUPA
Modifying agency Mx-PuUPA
041 0# - LANGUAGE CODE
Language code of text/sound track or separate title spa
100 1# - MAIN ENTRY--PERSONAL NAME
Personal name González Vidaurri, Alicia,
Dates associated with a name 1998
Relator term autor
245 10 - TITLE STATEMENT
Title Criminología /
Statement of responsibility, etc. Alicia González Vidaurri, Augusto Sánchez Sandoval ; prólogo y comentarios, Massimo Pavarini.
264 #1 - PRODUCTION, PUBLICATION, DISTRIBUTION, MANUFACTURE, AND COPYRIGHT NOTICE
Place of production, publication, distribution, manufacture México, D.F. :
Name of producer, publisher, distributor, manufacturer Editorial Porrúa,
Date of production, publication, distribution, manufacture, or copyright notice 2015
300 ## - PHYSICAL DESCRIPTION
Extent xv, 235 páginas ;
Dimensions 23 cm.
336 ## - CONTENT TYPE
Content type term texto
Fuente rdacontent
Content type code txt
337 ## - MEDIA TYPE
Media type term sin medio
Source rdamedia
Media type code n
338 ## - CARRIER TYPE
Carrier type term volumen
Source rdacarrier
Carrier type code nc
650 #4 - SUBJECT ADDED ENTRY--TOPICAL TERM
Topical term or geographic name entry element Criminología
700 1# - ADDED ENTRY--PERSONAL NAME
Personal name Sánchez Sandoval, Augusto,
Relator term autor
700 1# - ADDED ENTRY--PERSONAL NAME
Personal name Pavarini, Massimo,
Relator term prologuista
942 ## - ADDED ENTRY ELEMENTS (KOHA)
Classification part 634
Item part G635
Koha item type Libro
Source of classification or shelving scheme Dewey Decimal Classification
Existencias
Withdrawn status Lost status Source of classification or shelving scheme Damaged status Not for loan Collection code Home library Current library Shelving location Date acquired Source of acquisition Total Checkouts Full call number Barcode Price effective from Koha item type Date last seen
    Dewey Decimal Classification     General Tehuacán Tehuacán Sala general 24/08/2017 Compra   364 GON 2015 510130 24/08/2017 Libro  
    Dewey Decimal Classification   Consulta en sala General Tehuacán Tehuacán Sala general 24/08/2017 Compra   364 GON 2015 510415 24/08/2017 Reserva permanente 08/01/2025